[Event "Titled Tuesday intern op 06th May Early"]
[Site "Chess.com INT"]
[Date "2025.05.06"]
[Round "4"]
[White "Helmer, Jan"]
[Black "Dreelinck, Jacob"]
[Result "1-0"]
[WhiteElo "2220"]
[BlackElo "2252"]
[PlyCount "63"]
[EventDate "2025.05.06"]
[EventType "swiss (blitz)"]
[EventRounds "11"]
[EventCountry "USA"]
[SourceTitle "CB20_2025"]
[SourceDate "2025.05.14"]
[SourceVersion "1"]
[SourceVersionDate "2025.05.14"]
[SourceQuality "1"]

1. Nf3 f5 2. g3 Nf6 3. Bg2 e6 4. 0-0 g6 5. c4 Bg7 6. d4 0-0 7. Nc3 d6 8. Re1 Ne4 9. Qc2 Nxc3 10. Qxc3 e5 11. dxe5 dxe5 12. Nxe5 Nd7 13. f4 Nxe5 14. fxe5 Qe7 15. Bf4 g5 16. Be3 f4 17. Bd4 c5 18. Bd5+ Kh8 19. Qa3 fxg3 20. hxg3 Bh3 21. Qxc5 Qe8 22. Bxb7 Rd8 23. Bg2 Qh5 24. Bc3 Rc8 25. Qe3 Rxc4 26. e6 Rg4 27. Bxg7+ Kxg7 28. e7 Re8 29. Rf1 Bxg2 30. Kxg2 Qg6 31. Qe5+ Kh6 32. Rf6 1-0

[Event "Titled Tuesday intern op 06th May Early"]
[Site "Chess.com INT"]
[Date "2025.05.06"]
[Round "2"]
[White "Sydykov, Bayastan"]
[Black "Dreelinck, Jacob"]
[Result "1-0"]
[WhiteElo "2301"]
[BlackElo "2252"]
[PlyCount "63"]
[EventDate "2025.05.06"]
[EventType "swiss (blitz)"]
[EventRounds "11"]
[EventCountry "USA"]
[SourceTitle "CB20_2025"]
[SourceDate "2025.05.14"]
[SourceVersion "1"]
[SourceVersionDate "2025.05.14"]
[SourceQuality "1"]

1. e4 c5 2. Nf3 d6 3. d4 cxd4 4. Nxd4 Nf6 5. f3 e5 6. Nb5 a6 7. N5c3 Be6 8. Nd5 Bxd5 9. exd5 Nbd7 10. c4 Nh5 11. g3 Be7 12. Nc3 f5 13. Bd3 0-0 14. 0-0 Bg5 15. f4 Nxf4 16. gxf4 exf4 17. b3 Ne5 18. Kh1 Qf6 19. Bb2 Qh6 20. Be2 Rae8 21. Bf3 Qh3 22. Bg2 Qh4 23. Bf3 Qh3 24. Rf2 Rf6 25. Qf1 Qh4 26. Re1 Rh6 27. Qg2 Kf7 28. Rg1 Bf6 29. Rff1 g5 30. Bd1 g4 31. Rxf4 Nd3 32. Rxf5 1-0

[Event "Titled Tuesday intern op 11th Feb Early"]
[Site "Chess.com INT"]
[Date "2025.02.11"]
[Round "11"]
[White "Dreelinck, Jacob"]
[Black "Slade, Theodore Luke"]
[Result "0-1"]
[WhiteElo "2220"]
[BlackElo "2085"]
[PlyCount "60"]
[EventDate "2025.02.11"]
[EventType "swiss (blitz)"]
[EventRounds "11"]
[EventCountry "USA"]
[SourceTitle "CB08_2025"]
[SourceDate "2025.02.19"]
[SourceVersion "1"]
[SourceVersionDate "2025.02.19"]
[SourceQuality "1"]

1. e4 e5 2. Nf3 Nc6 3. Bc4 Bc5 4. 0-0 Nf6 5. d3 0-0 6. Bg5 h6 7. Bh4 Be7 8. Nc3 d6 9. h3 Na5 10. Bxf6 Bxf6 11. Nd5 Nxc4 12. dxc4 g6 13. Kh2 Bg7 14. g3 f5 15. Nh4 Kh7 16. exf5 gxf5 17. Qh5 c6 18. Qg6+ Kg8 19. Ne3 Qg5 20. Qxd6 f4 21. Neg2 Bf5 22. Nxf5 Qxf5 23. Qd3 e4 24. Qb3 Be5 25. Rad1 e3 26. Nxf4 Bxf4 27. c5+ Kh8 28. fxe3 Bxg3+ 29. Kxg3 Qe5+ 30. Kh4 Qg5# 0-1

[Event "Titled Tuesday intern op 11th Feb Early"]
[Site "Chess.com INT"]
[Date "2025.02.11"]
[Round "8"]
[White "Nikulina, Alena"]
[Black "Dreelinck, Jacob"]
[Result "0-1"]
[WhiteElo "1875"]
[BlackElo "2220"]
[PlyCount "80"]
[EventDate "2025.02.11"]
[EventType "swiss (blitz)"]
[EventRounds "11"]
[EventCountry "USA"]
[SourceTitle "CB08_2025"]
[SourceDate "2025.02.19"]
[SourceVersion "1"]
[SourceVersionDate "2025.02.19"]
[SourceQuality "1"]

1. e4 e6 2. d4 d5 3. exd5 exd5 4. c4 Nf6 5. Nc3 Bb4 6. Nf3 0-0 7. Bd3 Re8+ 8. Be3 Nbd7 9. 0-0 dxc4 10. Bxc4 Nb6 11. Bb3 c6 12. Ne5 Nbd5 13. a3 Bd6 14. Nxd5 Nxd5 15. Qh5 Be6 16. Bg5 Qc7 17. Bc2 g6 18. Qh4 Bxe5 19. dxe5 Qxe5 20. Rfe1 Qxb2 21. Be4 f5 22. Bxd5 Bxd5 23. Bf6 Qd2 24. Red1 Qa5 25. Qh6 Qc7 26. Rac1 Qf7 27. Bb2 Re2 28. Ba1 Rae8 29. h3 R2e4 30. Kf1 R4e7 31. Re1 Bc4+ 32. Kg1 Rxe1+ 33. Rxe1 Rxe1+ 34. Kh2 Re8 35. Qf4 Bd5 36. Qd4 Kf8 37. Qh8+ Ke7 38. Qe5+ Kd7 39. Qd4 Qe7 40. f3 Qd6+ 0-1

[Event "Titled Tuesday intern op 11th Feb Early"]
[Site "Chess.com INT"]
[Date "2025.02.11"]
[Round "10"]
[White "Sobek, Jaroslav"]
[Black "Dreelinck, Jacob"]
[Result "0-1"]
[WhiteElo "2198"]
[BlackElo "2220"]
[PlyCount "80"]
[EventDate "2025.02.11"]
[EventType "swiss (blitz)"]
[EventRounds "11"]
[EventCountry "USA"]
[SourceTitle "CB09_2025"]
[SourceDate "2025.02.27"]
[SourceVersion "1"]
[SourceVersionDate "2025.02.27"]
[SourceQuality "1"]

1. d4 Nf6 2. c4 g6 3. Nc3 Bg7 4. e4 d6 5. h3 0-0 6. Bg5 h6 7. Be3 c5 8. dxc5 Qa5 9. Qd2 dxc5 10. Bxh6 Bxh6 11. Qxh6 Nxe4 12. Nge2 Nc6 13. f3 Nf6 14. Nf4 Bf5 15. g4 Qb4 16. Rd1 Qxb2 17. Nce2 Bc2 18. Rd2 Rad8 19. Rxd8 Rxd8 20. Kf2 Nd4 21. h4 Be4 22. h5 Nxf3 23. hxg6 Nxg4+ 24. Kg3 Nxh6 25. Rxh6 fxg6 26. Bh3 Qg7 27. Be6+ Kf8 28. Rh1 Ng5 29. Rf1 Ke8 30. Bg4 Rd3+ 31. Kh2 Qh7+ 32. Kg1 Qh1+ 33. Kf2 Rf3+ 34. Ke1 Rxf1+ 35. Kd2 Rd1+ 36. Ke3 Qe1 37. Nxg6 Rd3+ 38. Kf4 Qf2+ 39. Kxg5 Qf6+ 40. Kh6 Qxg6# 0-1

[Event "Titled Tuesday intern op 04th Feb Early"]
[Site "Chess.com INT"]
[Date "2025.02.04"]
[Round "7"]
[White "Arakelyan, Manvel"]
[Black "Dreelinck, Jacob"]
[Result "1-0"]
[WhiteElo "2282"]
[BlackElo "2220"]
[PlyCount "117"]
[EventDate "2025.02.04"]
[EventType "swiss (blitz)"]
[EventRounds "11"]
[EventCountry "USA"]
[SourceTitle "CB07_2025"]
[SourceDate "2025.02.12"]
[SourceVersion "1"]
[SourceVersionDate "2025.02.12"]
[SourceQuality "1"]

1. e4 e6 2. d4 d5 3. Nd2 Nf6 4. e5 Nfd7 5. c3 c5 6. Bd3 Nc6 7. Ne2 cxd4 8. cxd4 f6 9. exf6 Nxf6 10. Nf3 Bd6 11. 0-0 0-0 12. Bf4 Nh5 13. Bxd6 Qxd6 14. Re1 Bd7 15. Ng3 Nf4 16. Bc2 Rae8 17. a3 e5 18. dxe5 Nxe5 19. Nxe5 Rxe5 20. Qd4 Rfe8 21. Rxe5 Qxe5 22. Qxe5 Rxe5 23. Rd1 Bc6 24. f3 g6 25. Kf2 Kf7 26. Rd2 Ke6 27. Nf1 Kd6 28. Ne3 Re7 29. b4 a6 30. Bb3 Re8 31. Rd4 Ke5 32. Rd2 Kd6 33. h4 Re7 34. Nc4+ Kc7 35. Na5 Rd7 36. g3 Ne6 37. f4 b6 38. Nxc6 Kxc6 39. Rc2+ Kb5 40. Rd2 Nc7 41. g4 a5 42. Kf3 axb4 43. axb4 Kxb4 44. Bd1 d4 45. f5 gxf5 46. gxf5 Kc3 47. Rc2+ Kd3 48. Rc6 Nd5 49. Be2+ Kd2 50. Bc4 d3 51. f6 Nxf6 52. Rxf6 Kc3 53. Rc6 d2 54. Be2+ Kb2 55. Rxb6+ Kc1 56. Rc6+ Kb2 57. Bd1 h5 58. Ke3 Rg7 59. Rc4 1-0

[Event "Titled Tuesday intern op 04th Feb Early"]
[Site "Chess.com INT"]
[Date "2025.02.04"]
[Round "3"]
[White "Dreelinck, Jacob"]
[Black "Peter, Neathan"]
[Result "1-0"]
[WhiteElo "2220"]
[BlackElo "2005"]
[PlyCount "97"]
[EventDate "2025.02.04"]
[EventType "swiss (blitz)"]
[EventRounds "11"]
[EventCountry "USA"]
[SourceTitle "CB07_2025"]
[SourceDate "2025.02.12"]
[SourceVersion "1"]
[SourceVersionDate "2025.02.12"]
[SourceQuality "1"]

1. e4 e6 2. d4 d5 3. e5 c5 4. c3 Nc6 5. Nf3 Qb6 6. Bd3 Bd7 7. dxc5 Bxc5 8. 0-0 Nge7 9. b4 Bxb4 10. cxb4 Nxb4 11. Be3 Qc7 12. Na3 0-0 13. Rc1 Qa5 14. Bxh7+ Kh8 15. Ng5 g6 16. Nc4 dxc4 17. Qxd7 Qd8 18. Qxd8 Raxd8 19. Rxc4 Nbc6 20. Rh4 Kg7 21. Nxe6+ fxe6 22. Bh6+ Kxh7 23. Bxf8+ Kg8 24. Bxe7 Nxe7 25. Rb4 b6 26. Ra4 a5 27. g3 Nc6 28. Re4 Rd2 29. Rb1 Nb4 30. a3 Nd5 31. Rc4 Kf7 32. h4 Rd3 33. a4 Kg7 34. Rc6 Nc3 35. Rbxb6 Ne2+ 36. Kg2 Nd4 37. Rc7+ Kh6 38. Rbb7 Kh5 39. Kh3 Nf5 40. Rh7+ Nh6 41. Rbd7 Rf3 42. Rdf7 Ra3 43. Rf8 g5 44. hxg5 Kg6 45. Rxh6+ Kxg5 46. Rxe6 Ra2 47. Rff6 Rxa4 48. f4+ Kh5 49. Rh6# 1-0

[Event "Titled Tuesday intern op 04th Feb Early"]
[Site "Chess.com INT"]
[Date "2025.02.04"]
[Round "11"]
[White "Dreelinck, Jacob"]
[Black "Zepeda Berlanga, Jan Enrique"]
[Result "1/2-1/2"]
[WhiteElo "2220"]
[BlackElo "1979"]
[PlyCount "68"]
[EventDate "2025.02.04"]
[EventType "swiss (blitz)"]
[EventRounds "11"]
[EventCountry "USA"]
[SourceTitle "CB07_2025"]
[SourceDate "2025.02.12"]
[SourceVersion "1"]
[SourceVersionDate "2025.02.12"]
[SourceQuality "1"]

1. e4 c5 2. Nf3 d6 3. d4 cxd4 4. Nxd4 Nf6 5. Nc3 Nc6 6. Bg5 e6 7. Qd2 a6 8. 0-0-0 Bd7 9. f3 Nxd4 10. Qxd4 Be7 11. Kb1 b5 12. g4 h5 13. gxh5 Rxh5 14. h4 Rb8 15. Ne2 Qb6 16. Qd2 Bc6 17. Nf4 Rh8 18. h5 Nxe4 19. fxe4 Bxg5 20. Bh3 e5 21. Qxd6 Rd8 22. Qxe5+ Be7 23. Qxg7 Rf8 24. h6 Bxe4 25. Rxd8+ Qxd8 26. h7 Bf6 27. Bd7+ Qxd7 28. Qxf6 Bxh1 29. Qe5+ Qe7 30. Qb8+ Kd7 31. Qa7+ Kd8 32. Qb8+ Kd7 33. Qa7+ Kd8 34. Qb8+ Kd7 1/2-1/2

[Event "Titled Tuesday intern op 04th Feb Early"]
[Site "Chess.com INT"]
[Date "2025.02.04"]
[Round "1"]
[White "Starozhilov, Leonid"]
[Black "Dreelinck, Jacob"]
[Result "1-0"]
[WhiteElo "2285"]
[BlackElo "2220"]
[PlyCount "95"]
[EventDate "2025.02.04"]
[EventType "swiss (blitz)"]
[EventRounds "11"]
[EventCountry "USA"]
[SourceTitle "CB07_2025"]
[SourceDate "2025.02.12"]
[SourceVersion "1"]
[SourceVersionDate "2025.02.12"]
[SourceQuality "1"]

1. e4 e6 2. d4 d5 3. Nc3 Bb4 4. e5 c5 5. a3 Ba5 6. b4 cxd4 7. Nb5 Bc7 8. f4 Bd7 9. Nxd4 Ba4 10. Ngf3 Ne7 11. Bd3 Nbc6 12. Be3 Bb6 13. Qd2 Nxd4 14. Bxd4 Nc6 15. Bxb6 Qxb6 16. Qf2 Rc8 17. Qxb6 axb6 18. c3 Na7 19. Kd2 Bb5 20. Bc2 Ke7 21. a4 Bc4 22. Nd4 Nc6 23. Rhc1 Nxd4 24. cxd4 b5 25. axb5 Bxb5 26. Ra7 Rc7 27. Bd3 Rxc1 28. Rxb7+ Bd7 29. Kxc1 Rc8+ 30. Kd2 Ke8 31. b5 Ra8 32. b6 Kd8 33. Ra7 Rb8 34. Ra6 Bc8 35. Ra7 Bd7 36. b7 Kc7 37. Ba6 Bc6 38. Kc3 Bxb7 39. Bxb7 Rxb7 40. Ra8 Rb8 41. Ra6 Rb6 42. Ra5 Kc6 43. g4 Rb7 44. f5 g6 45. f6 Rb8 46. h4 Kc7 47. h5 gxh5 48. gxh5 1-0

[Event "Titled Tuesday intern op 14th Jan Early"]
[Site "Chess.com INT"]
[Date "2025.01.14"]
[Round "2"]
[White "Dreelinck, Jacob"]
[Black "Aliyev, Ravan"]
[Result "0-1"]
[WhiteElo "2233"]
[BlackElo "2365"]
[PlyCount "156"]
[EventDate "2025.01.14"]
[EventType "swiss (blitz)"]
[EventRounds "11"]
[EventCountry "USA"]
[SourceTitle "CB04_2025"]
[SourceDate "2025.01.22"]
[SourceVersion "1"]
[SourceVersionDate "2025.01.22"]
[SourceQuality "1"]

1. d4 d5 2. Nc3 Nf6 3. Bf4 e6 4. e3 Bd6 5. Qf3 Bxf4 6. Qxf4 Qd6 7. 0-0-0 a6 8. Nf3 Qxf4 9. exf4 b5 10. Ne5 0-0 11. g4 Bb7 12. g5 Nfd7 13. Nd3 Nc6 14. Ne2 Ne7 15. Kb1 Rac8 16. b4 Ra8 17. a3 a5 18. Nec1 Nf5 19. c3 axb4 20. axb4 Ra3 21. Kb2 Rfa8 22. Nc5 Bc6 23. Nxd7 Bxd7 24. Bd3 Nd6 25. h4 Bc6 26. f3 Nc8 27. Bc2 Nb6 28. Bb3 Kf8 29. h5 Ke7 30. h6 g6 31. Rhe1 Nc4+ 32. Bxc4 dxc4 33. d5 Bd7 34. Re3 R3a6 35. Rde1 Rd6 36. Re5 c6 37. dxe6 Bxe6 38. Ne2 Rd2+ 39. Kc1 Raa2 40. Nd4 Rf2 41. Kb1 Kd7 42. R5e2 Raxe2 43. Rxe2 Rf1+ 44. Kc2 Bd5 45. Re3 Rf2+ 46. Kd1 Ra2 47. Ke1 Ra8 48. Kf2 Rf8 49. Kg3 f6 50. Re2 Kd6 51. Re3 fxg5 52. fxg5 Rb8 53. Kf4 c5 54. bxc5+ Kxc5 55. Ne6+ Kd6 56. Nd4 b4 57. cxb4 Rxb4 58. Ne2 Rb8 59. Rc3 Kc5 60. Ke3 Kb4 61. Kd4 Rd8 62. Ke5 Bc6 63. Kf6 Rd7 64. Rc2 Kb3 65. Rc3+ Kb4 66. f4 Bd5 67. f5 Rf7+ 68. Ke5 Rxf5+ 69. Kd6 Rxg5 70. Rc1 Kb3 71. Rb1+ Kc2 72. Rb5 Kd2 73. Nd4 c3 74. Rxd5 Rxd5+ 75. Kxd5 Kd3 76. Ke5 g5 77. Kd5 g4 78. Ke5 g3 0-1

[Event "Titled Tuesday intern op 14th Jan Early"]
[Site "Chess.com INT"]
[Date "2025.01.14"]
[Round "3"]
[White "Dreelinck, Jacob"]
[Black "Papayan, Oleg"]
[Result "0-1"]
[WhiteElo "2233"]
[BlackElo "2183"]
[PlyCount "44"]
[EventDate "2025.01.14"]
[EventType "swiss (blitz)"]
[EventRounds "11"]
[EventCountry "USA"]
[SourceTitle "CB04_2025"]
[SourceDate "2025.01.22"]
[SourceVersion "1"]
[SourceVersionDate "2025.01.22"]
[SourceQuality "1"]

1. d4 d5 2. Nc3 c5 3. Bf4 Nc6 4. e4 cxd4 5. exd5 dxc3 6. dxc6 Qxd1+ 7. Rxd1 bxc6 8. h4 cxb2 9. Bc4 f6 10. Bc7 Bf5 11. Rb1 Bxc2 12. Rxb2 Be4 13. Rh3 e5 14. Rhb3 Ne7 15. Be6 Nd5 16. Ba5 Nf4 17. Bg4 Nd3+ 18. Kd2 Nxb2 19. Rxb2 Bc5 20. Bc7 Bxf2 21. Ke2 Bxg1 22. Bf5 Bxf5 0-1

[Event "Titled Tuesday intern op 14th Jan Early"]
[Site "Chess.com INT"]
[Date "2025.01.14"]
[Round "4"]
[White "Preobrazhenskaya, Diana"]
[Black "Dreelinck, Jacob"]
[Result "1-0"]
[WhiteElo "2033"]
[BlackElo "2233"]
[PlyCount "55"]
[EventDate "2025.01.14"]
[EventType "swiss (blitz)"]
[EventRounds "11"]
[EventCountry "USA"]
[SourceTitle "CB04_2025"]
[SourceDate "2025.01.22"]
[SourceVersion "1"]
[SourceVersionDate "2025.01.22"]
[SourceQuality "1"]

1. e4 c5 2. Nf3 d6 3. d4 cxd4 4. Nxd4 Nf6 5. Nc3 a6 6. Bg5 e6 7. f4 Be7 8. Qf3 Nbd7 9. 0-0-0 Qc7 10. g4 h6 11. h4 hxg5 12. hxg5 Rxh1 13. Qxh1 Nxg4 14. Qh5 Nf8 15. Qxg4 b5 16. f5 b4 17. Nce2 e5 18. Nf3 Bd7 19. Kb1 Rc8 20. Rd2 Qb6 21. Nc1 a5 22. Qg3 Qe3 23. Bd3 Bxf5 24. exf5 e4 25. Bb5+ Kd8 26. Rxd6+ Kc7 27. Rd3+ Kb6 28. Rxe3 1-0

[Event "Leuven op 35th"]
[Site "Leuven"]
[Date "2024.11.09"]
[Round "3"]
[White "Govoreanu, Matei"]
[Black "Dreelinck, Jacob"]
[Result "1/2-1/2"]
[WhiteElo "2147"]
[BlackElo "2246"]
[PlyCount "66"]
[EventDate "2024.11.08"]
[EventType "swiss"]
[EventRounds "7"]
[EventCountry "BEL"]
[SourceTitle "CB45_2024"]
[Source "ChessBase"]
[SourceDate "2024.11.06"]
[SourceVersion "1"]
[SourceVersionDate "2024.11.06"]
[SourceQuality "1"]

1. e4 h6 2. d4 e6 3. Nc3 Nf6 4. e5 Nd5 5. Nxd5 exd5 6. Nf3 d6 7. Bd3 Nc6 8. 0-0 Be6 9. Re1 Qd7 10. exd6 Bxd6 11. c4 Bb4 12. Bd2 Bxd2 13. Qxd2 0-0 14. c5 Bg4 15. Ne5 Nxe5 16. Rxe5 Rfe8 17. Rae1 Rxe5 18. Rxe5 Re8 19. Qe3 Rxe5 20. Qxe5 Qe6 21. Qxe6 Bxe6 22. b4 Kf8 23. Kf1 Ke7 24. Ke2 Kf6 25. Ke3 Bf5 26. Be2 Be4 27. g3 Bf5 28. Bf3 Be6 29. h4 g5 30. hxg5+ hxg5 31. Bg2 Ke7 32. Kd2 Kf6 33. Ke3 Ke7 1/2-1/2

[Event "Titled Tuesday intern op 24th Sep Early"]
[Site "Chess.com INT"]
[Date "2024.09.24"]
[Round "5"]
[White "Spata, German"]
[Black "Dreelinck, Jacob"]
[Result "1-0"]
[WhiteElo "2399"]
[BlackElo "2267"]
[PlyCount "71"]
[EventDate "2024.09.24"]
[EventType "swiss (blitz)"]
[EventRounds "11"]
[EventCountry "USA"]
[SourceTitle "EXT 2025"]
[Source "ChessBase"]
[SourceDate "2024.10.14"]
[SourceVersion "1"]
[SourceVersionDate "2024.10.14"]
[SourceQuality "1"]

1. Nf3 f5 2. b3 a5 3. a3 Nf6 4. Bb2 e6 5. e3 Be7 6. c4 b6 7. Nc3 Bb7 8. Be2 Na6 9. 0-0 Rg8 10. d3 g5 11. d4 g4 12. Ne5 d6 13. Nd3 Nh5 14. Nf4 Nxf4 15. exf4 Bf6 16. Re1 Kf7 17. Bf1 d5 18. Qd2 h5 19. Rac1 c6 20. Na4 h4 21. Rc2 Rg6 22. Rec1 Rb8 23. cxd5 Qxd5 24. Nxb6 Qd8 25. Nc4 Qd5 26. Ne3 Qd7 27. Bc4 Kg7 28. Qxa5 Nc7 29. a4 Nd5 30. Bxd5 exd5 31. Qd2 Re8 32. Qd3 Re4 33. b4 Qd6 34. g3 hxg3 35. hxg3 Rh6 36. Nxf5+ 1-0

[Event "Titled Tuesday intern op 17th Sep Early"]
[Site "Chess,com INT"]
[Date "2024.09.17"]
[Round "7"]
[White "Bashirli, Saadat"]
[Black "Dreelinck, Jacob"]
[Result "0-1"]
[WhiteElo "1894"]
[BlackElo "2267"]
[PlyCount "54"]
[EventDate "2024.09.17"]
[EventType "swiss (blitz)"]
[EventRounds "11"]
[EventCountry "USA"]
[SourceTitle "EXT 2025"]
[Source "ChessBase"]
[SourceDate "2024.10.14"]
[SourceVersion "1"]
[SourceVersionDate "2024.10.14"]
[SourceQuality "1"]

1. d4 f5 2. Nc3 Nf6 3. Bf4 e6 4. e3 Be7 5. Bd3 0-0 6. Qd2 d6 7. 0-0-0 Nc6 8. d5 e5 9. dxc6 exf4 10. exf4 bxc6 11. Nf3 Rb8 12. Nd4 Bd7 13. Bxf5 c5 14. Ne6 Qc8 15. Rhe1 Qb7 16. b3 Bxe6 17. Bxe6+ Kh8 18. Bc4 Bd8 19. Nd5 Nxd5 20. Bxd5 Qa6 21. Kb1 Bf6 22. c3 c4 23. b4 c5 24. Re4 cxb4 25. cxb4 Qa3 26. Rxc4 a5 27. Qd3 Qb2# 0-1

[Event "Titled Tuesday intern op 17th Sep Early"]
[Site "Chess,com INT"]
[Date "2024.09.17"]
[Round "5"]
[White "Dreelinck, Jacob"]
[Black "Aoshima, Mirai"]
[Result "0-1"]
[WhiteElo "2267"]
[BlackElo "2385"]
[PlyCount "142"]
[EventDate "2024.09.17"]
[EventType "swiss (blitz)"]
[EventRounds "11"]
[EventCountry "USA"]
[SourceTitle "EXT 2025"]
[Source "ChessBase"]
[SourceDate "2024.10.14"]
[SourceVersion "1"]
[SourceVersionDate "2024.10.14"]
[SourceQuality "1"]

1. e4 c5 2. Nf3 d6 3. d4 cxd4 4. Nxd4 Nf6 5. Nc3 Nc6 6. Bc4 e6 7. Be3 a6 8. Qe2 Bd7 9. Bb3 Be7 10. 0-0-0 Na5 11. g4 h6 12. h4 Bc6 13. Bxe6 fxe6 14. Nxe6 Qd7 15. Nd5 Nxd5 16. exd5 Bb5 17. Qf3 Nc4 18. Qe4 Kf7 19. Bd4 Bf6 20. g5 Be5 21. f4 Bxd4 22. Qxd4 Rhg8 23. g6+ Kxg6 24. Qe4+ Kf6 25. Rhg1 g6 26. b3 Nb6 27. Qd4+ Kf7 28. Qxb6 Rac8 29. Kb1 Qe7 30. Qd4 Qf6 31. Qxf6+ Kxf6 32. c4 Bd7 33. Rde1 Rce8 34. Nd4 Ref8 35. Kc2 Kg7 36. f5 Bxf5+ 37. Kc3 Bc8 38. Kb4 Kh8 39. Re7 Rg7 40. Rge1 Rf4 41. Re8+ Rg8 42. Rxg8+ Kxg8 43. Ne6 Bxe6 44. Rxe6 Kf7 45. Rxd6 Rxh4 46. Rd7+ Kf6 47. Rxb7 g5 48. d6 Rd4 49. Kc5 Rd2 50. Kc6 g4 51. c5 g3 52. Rb4 g2 53. Rg4 h5 54. Rg8 h4 55. d7 h3 56. Kc7 h2 57. Rxg2 Rxd7+ 58. Kxd7 h1Q 59. Rc2 Qh7+ 60. Kc6 Qxc2 61. Kb6 Qxa2 62. b4 Qb3 63. Kxa6 Qxb4 64. c6 Qc5 65. c7 Qxc7 66. Kb5 Ke6 67. Ka6 Kd5 68. Kb5 Qc6+ 69. Ka5 Qb7 70. Ka4 Kc4 71. Ka3 Qb3# 0-1

[Event "Titled Tuesday intern op 17th Sep Early"]
[Site "Chess,com INT"]
[Date "2024.09.17"]
[Round "2"]
[White "Dreelinck, Jacob"]
[Black "Makaraci, Tunahan"]
[Result "1-0"]
[WhiteElo "2267"]
[BlackElo "2233"]
[PlyCount "77"]
[EventDate "2024.09.17"]
[EventType "swiss (blitz)"]
[EventRounds "11"]
[EventCountry "USA"]
[SourceTitle "EXT 2025"]
[Source "ChessBase"]
[SourceDate "2024.10.14"]
[SourceVersion "1"]
[SourceVersionDate "2024.10.14"]
[SourceQuality "1"]

1. e4 c5 2. Ne2 g6 3. d4 cxd4 4. Nxd4 Nc6 5. Bc4 Bg7 6. Nxc6 bxc6 7. Qf3 Nf6 8. e5 Qa5+ 9. Qc3 Qxc3+ 10. Nxc3 Ng8 11. Bf4 Nh6 12. 0-0-0 0-0 13. Rhe1 Re8 14. f3 Nf5 15. g4 Nh4 16. Rd3 Ng2 17. Re4 Nxf4 18. Rxf4 Bh6 19. Ne2 d5 20. exd6 exd6 21. Kd1 Bxf4 22. Nxf4 d5 23. Bb3 Ba6 24. Rc3 Rac8 25. Ba4 Bb5 26. Bxb5 cxb5 27. Rd3 Re5 28. Nxd5 Rd8 29. Nf6+ Kg7 30. Rxd8 Kxf6 31. Kd2 Re7 32. Rd5 Ke6 33. Rxb5 Rd7+ 34. Ke2 f5 35. gxf5+ gxf5 36. Ra5 Kf6 37. h4 Re7+ 38. Kf2 Rd7 39. Kg3 1-0

[Event "Titled Tuesday intern op 10th Sep Early"]
[Site "Chess,com INT"]
[Date "2024.09.10"]
[Round "6"]
[White "Dreelinck, Jacob"]
[Black "Buyankhishig, Batpelden"]
[Result "0-1"]
[WhiteElo "2267"]
[BlackElo "1867"]
[PlyCount "90"]
[EventDate "2024.09.10"]
[EventType "swiss (blitz)"]
[EventRounds "11"]
[EventCountry "USA"]
[SourceTitle "EXT 2025"]
[Source "ChessBase"]
[SourceDate "2024.10.14"]
[SourceVersion "1"]
[SourceVersionDate "2024.10.14"]
[SourceQuality "1"]

1. e4 e5 2. f4 exf4 3. Nf3 g5 4. Bc4 Bg7 5. Nc3 d6 6. 0-0 h6 7. d4 Ne7 8. g3 Nbc6 9. Nd5 g4 10. Bxf4 gxf3 11. Qxf3 Nxd4 12. Nxc7+ Qxc7 13. Bxf7+ Kd8 14. Qh5 Qc5 15. Qd1 Ne2+ 16. Kh1 Nxf4 17. Rxf4 Bd7 18. Qd3 Be5 19. Rf3 Bc6 20. Rd1 Kc7 21. Bd5 Bxd5 22. exd5 Raf8 23. b4 Qxb4 24. Rxf8 Rxf8 25. c3 Qc5 26. Qe2 Nxd5 27. Qe4 Nxc3 28. Rc1 Nxe4 29. Rxc5+ Nxc5 30. Kg2 d5 31. Kh3 d4 32. a4 d3 33. a5 d2 34. a6 d1Q 35. axb7 Qf1+ 36. Kh4 Bf6+ 37. Kg4 Qe2+ 38. Kh3 Qh5+ 39. Kg2 Bd4 40. b8Q+ Rxb8 41. h4 Qe2+ 42. Kh3 Qe6+ 43. g4 Rb3+ 44. Kg2 Qe2+ 45. Kh1 Rb1# 0-1

[Event "Titled Tuesday intern op 10th Sep Early"]
[Site "Chess,com INT"]
[Date "2024.09.10"]
[Round "4"]
[White "Sanhueza, Cristian"]
[Black "Dreelinck, Jacob"]
[Result "1-0"]
[WhiteElo "2194"]
[BlackElo "2267"]
[PlyCount "71"]
[EventDate "2024.09.10"]
[EventType "swiss (blitz)"]
[EventRounds "11"]
[EventCountry "USA"]
[SourceTitle "EXT 2025"]
[Source "ChessBase"]
[SourceDate "2024.10.14"]
[SourceVersion "1"]
[SourceVersionDate "2024.10.14"]
[SourceQuality "1"]

1. e4 a6 2. d4 h6 3. Nf3 d6 4. Bc4 e6 5. 0-0 Ne7 6. Nc3 Nd7 7. Re1 b5 8. Bd3 Bb7 9. a4 b4 10. Ne2 c5 11. c3 bxc3 12. bxc3 g6 13. Rb1 Qc7 14. Nf4 Bg7 15. Qb3 Rb8 16. Nxe6 fxe6 17. Qxe6 Nf8 18. Qg4 Bc8 19. Rxb8 Qxb8 20. Qg3 cxd4 21. cxd4 Qb3 22. Bf1 Qe6 23. Ba3 Nd7 24. d5 Qf6 25. Bxd6 0-0 26. e5 Nxe5 27. Bxe5 Qf7 28. d6 Nf5 29. Qf4 Bxe5 30. Nxe5 Qf6 31. Bc4+ Kg7 32. d7 Bb7 33. Ng4 Qc6 34. Qe5+ Kh7 35. Nf6+ Rxf6 36. Qe7+ 1-0